| 000 | 00564nam a2200229Ia 4500 | ||
|---|---|---|---|
| 003 | OSt | ||
| 005 | 20231017092510.0 | ||
| 008 | 210210b1924 xxu||||| |||| 00| 0 eng d | ||
| 040 | _cAL | ||
| 041 | _aeng | ||
| 082 | _a823/263 | ||
| 100 |
_aSHAKESPEARE (William) _9138263 |
||
| 245 | _aMuch ado about nothing | ||
| 260 |
_aLondon _bMethuen and Company Limited _c1924 |
||
| 650 |
_anothing _9138264 |
||
| 650 |
_aMuch _9138265 |
||
| 650 |
_aado _9138266 |
||
| 650 |
_aabout _9138267 |
||
| 690 |
_aEnglish Drama _9138268 |
||
| 906 | _a013808 | ||
| 942 |
_2ddc _cBK |
||
| 999 |
_c132875 _d132875 |
||